| 000 | 00468nam a2200181Ia 4500 | ||
|---|---|---|---|
| 005 | 20250326130017.0 | ||
| 008 | 250326s9999 xx 000 0 und d | ||
| 037 | _aTextbook | ||
| 040 |
_aFMSL _beng _cFMSL |
||
| 041 |
_aeng _2eng |
||
| 084 |
_aX:51 N0 _qFMSL |
||
| 100 |
_aH M S O _9702719 |
||
| 245 | 0 |
_aHanbook of marketing machinery _cH M S O |
|
| 260 |
_aNY _bNY, HMSO _c1970 |
||
| 300 | _a98p | ||
| 942 |
_cTB _hX:51 N0 |
||
| 999 |
_c1280553 _d1280553 |
||